[Event "Rome La Regina op 3rd"]
[Site "Rome"]
[Date "2023.07.30"]
[Round "5"]
[White "D'Andrea, Stefano"]
[Black "Pellegrini, Ennio Paolo"]
[Result "0-1"]
[WhiteElo "2052"]
[BlackElo "1901"]
[PlyCount "76"]
[EventDate "2023.07.28"]
[EventType "swiss"]
[EventRounds "5"]
[EventCountry "ITA"]
[SourceTitle "CBM 215 Extra"]
[Source "ChessBase"]
[SourceDate "2023.09.30"]
[SourceVersion "1"]
[SourceVersionDate "2023.09.30"]
[SourceQuality "1"]

1. e4 c5 2. Nc3 e6 3. Nf3 Nc6 4. d4 cxd4 5. Nxd4 Nf6 6. Nxc6 bxc6 7. Bd3 d5 8. 0-0 Be7 9. e5 Nd7 10. Qg4 Nxe5 11. Qxg7 Bf6 12. Qg3 Qe7 13. Re1 Nxd3 14. cxd3 Bb7 15. Bf4 Kd7 16. Be5 Rhg8 17. Qe3 Bxe5 18. Qxe5 Qh4 19. d4 Rg5 20. Qe3 Rag8 21. g3 Rh5 22. Qf3 Qxh2+ 23. Kf1 Ba6+ 24. Ne2 Rf5 25. Qg2 Qxg3 26. Qxg3 Rxg3 27. Rad1 h5 28. b4 h4 29. a4 Bc4 30. Rc1 Rgf3 31. Kg1 Rxf2 32. Nc3 h3 33. Re3 h2+ 34. Kh1 Rb2 35. Rce1 Rg5 36. Rh3 Rg1+ 37. Rxg1 hxg1Q+ 38. Kxg1 Rxb4 0-1